000 00391nam a22001457a 4500
999 _c193618
_d193618
008 221104b ||||| |||| 00| 0 eng d
082 _a641.3- ACHAYA
100 _aACHAYA (K.T)
245 _aYOUR FOOD AND YOU
_hENGLISH
260 _aNEW DELH
_bA.I.C.B
_cROHINI
270 _aA.I.C.B ,ROHINI NEW DELHI
300 _a.
_b.
_c12X13
490 _v1-2
942 _2ddc
_cBRLEN
_k641.3
_mACHAYA